Les positions sexuelles préférées des français - Statistiques

Statistiques générales
  • Ce quiz a été pris 3 819 fois
  • Le résultat moyen est 3 sur 10
Statistiques - réponses
Hint Réponse % Correct
2 Le Levrette
95%
1 Le Missionnaire
89%
6 Le 69
65%
4 La Cuillère
38%
5 Le Lotus
16%
8 Le Debout
9%
9 La Chaise
7%
3 L'Andromaque
2%
7 Le Pont
2%
10 L'Etoile de mer
1%
Aucun quiz correspondant
Distribution des résultats
% des personnes avec chaque résultat
Percentile par nombre de réponses
Votre historique - résultats
Vous n’avez pas pris ce quiz